Lanean...
Norton anthology of theory and criticism
| Egile nagusia: | |
|---|---|
| Formatua: | Printed Book |
| Argitaratua: |
New York
W.W.Norton and company
2001
|
| Gaiak: |
| LEADER | 00545cam a2200169ua 4500 | ||
|---|---|---|---|
| 020 | |a 0-393-97429-4 | ||
| 082 | |a 801.95 | ||
| 100 | |a Leitch,Vincent | ||
| 245 | 1 | 0 | |a Norton anthology of theory and criticism |
| 260 | |a New York |b W.W.Norton and company |c 2001 | ||
| 300 | |a xxxviii,2623p. | ||
| 650 | |a Literaure- Theory etc. | ||
| 650 | |a Criticism | ||
| 650 | |a Literature | ||
| 942 | |c BK | ||
| 999 | |c 18356 |d 18356 | ||
| 952 | |0 0 |1 0 |4 0 |6 801_950000000000000_LEIN |7 0 |9 19175 |a KUCL |b KUCL |d 2014-05-23 |l 7 |m 3 |o 801.95 LEI/N |p 19855 |q 2020-10-17 |r 2020-08-12 |s 2020-08-12 |y BK | ||